Closest Genetic Populations to the Montenegrins - Statistics

General Stats
  • This quiz has been taken 12 times
  • The average score is 9 of 12
Answer Stats
Genetic Distance Ethnicity % Correct
2.105 Croat
100%
2.863 Greek
100%
1.301 Macedonian
100%
0.364 Serb
100%
1.507 Bosniak
92%
2.881 Italian
83%
1.193 Romanian
83%
1.833 Bulgarian
75%
3.143 Hungarian
58%
3.460 French
42%
2.705 Gagauz
33%
3.489 Austrian
25%
No matching quizzes found
Score Distribution
Percent of People with Each Score
Percentile by Number Answered
Your Score History
You have not taken this quiz